00686cam a22002531 4500001001300000003000400013005001700017008004100034010001700075035002000092040001800112041001400130042001200144050002000156100001700176245005300193260001100246300005700257500003300314650003200347700002000379700001600399999001700415sa 68018635 DLC20260227112713.0891220s1966 ii ab 000 0 gujo  asa 68018635  a(OCoLC)20807535 aDLCcWaUdDLC0 agujenghin apremarc00aBL1215.A55bS451 aShah, Vimal.10aSamuha śrāddha.bCommunity ancestor worship. c[1966] avi, 45, [92] p.billus. (1 col.), maps.c22 x 28 cm. aGujarati, Hindi and English. 0aAncestor worshipxHinduism.1 aShroff, Ramesh.1 aShah, Haku. c88546d88546